Poètes français d'après leurs villes natales - Statistiques

Statistiques générales
  • Ce quiz a été pris 19 fois
  • Le résultat moyen est 6 sur 14
Statistiques - réponses
Date Ville de naissance Ville d'enfance Poète % Correct
1854 Charleville-Mézières Charleville-Mézières Arthur Rimbaud
74%
1802 Besançon Besançon Victor Hugo
74%
1844 Metz Paris Paul Verlaine
68%
1522* Liré Liré Joachim du Bellay
63%
1524 "Château de la Possonière" "Château de la Possonière" Pierre de Ronsard
63%
1900 Neuilly-sur-Seine Neuilly-sur-Seine Jacques Prévert
47%
1880 Rome Monaco, Cannes, Nice Guillaume Apollinaire
42%
1790 Mâcon Milly Alphonse de Lamartine
37%
1695 Château-Thierry Château-Thierry Jean de la Fontaine
37%
1871 Sète Sète, Montpellier Paul Valéry
37%
1895 Saint-Denis Paris Paul Éluard
26%
1811 Tarbes Paris Théophile Gautier
26%
1896 Tinchebray Tinchebray, Pantin, Paris André Breton
21%
1555* Caen Caen François de Malherbe
21%
Aucun quiz correspondant
Distribution des résultats
% des personnes avec chaque résultat
Percentile par nombre de réponses
Votre historique - résultats
Vous n’avez pas pris ce quiz